Normal view
MARC view
- Introducing Phonetics and Phonology-Phonology
Entry Topical Term
001 - CONTROL NUMBER
- control field: 1588
003 - CONTROL NUMBER IDENTIFIER
- control field: JO-AjAnu
005 - DATE AND TIME OF LATEST TRANSACTION
- control field: 20230606070549.0
008 - FIXED-LENGTH DATA ELEMENTS
- fixed length control field: 230606|| aca||aabn | a|a d
040 ## - CATALOGING SOURCE
- Original cataloging agency: JO-AjAnu
- Transcribing agency: JO-AjAnu
150 ## - HEADING--TOPICAL TERM
- Topical term or geographic name entry element: Introducing Phonetics and Phonology-Phonology
670 ## - SOURCE DATA FOUND
- Source citation: Work cat.: (JO-AjAnu)833: Davenport,Mike تأليف/S.J Hannahs م.مشارك, author 1587, Introducing Phonetics and Phonology